MARC details
| 000 -LEADER |
| campo de control de longitud fija |
02460nam a2200421 i 4500 |
| 001 - NÚMERO DE CONTROL |
| campo de control |
193882 |
| 003 - IDENTIFICADOR DE NÚMERO DE CONTROL |
| campo de control |
SpMaBN |
| 005 - FECHA Y HORA DE LA ÚLTIMA TRANSACCIÓN |
| campo de control |
20250711063121.0 |
| 008 - DATOS DE LONGITUD FIJA--INFORMACIÓN GENERAL |
| campo de control de longitud fija |
240201s2023 sp a | |||| 000 1 spa |
| 015 ## - NÚMERO DE BIBLIOGRAFÍA NACIONAL |
| Número de bibliografía nacional |
MON23 |
| 017 ## - NÚMERO DE COPYRIGHT O DE DEPÓSITO LEGAL |
| Número de copyright o de depósito legal |
Z 1436-2023 |
| Agencia que asigna |
Oficina Depósito Legal Zaragoza |
| 020 ## - NÚMERO INTERNACIONAL ESTÁNDAR DEL LIBRO |
| Número Internacional Estándar del Libro |
9788412637847 |
| 040 ## - FUENTE DE CATALOGACIÓN |
| Centro catalogador/agencia de origen |
SpMaBN |
| Lengua de catalogación |
spa |
| Centro/agencia transcriptor |
SpMaBN |
| Normas de descripción |
rda |
| 080 ## - NÚMERO DE LA CLASIFICACIÓN DECIMAL UNIVERSAL |
| Número de la Clasificación Decimal Universal |
929 Labordeta, José Antonio (0:82) |
| 080 ## - NÚMERO DE LA CLASIFICACIÓN DECIMAL UNIVERSAL |
| Número de la Clasificación Decimal Universal |
821.134.2-91"19" |
| 080 ## - NÚMERO DE LA CLASIFICACIÓN DECIMAL UNIVERSAL |
| Número de la Clasificación Decimal Universal |
741.52 |
| 100 ## - ENTRADA PRINCIPAL--NOMBRE DE PERSONA |
| Nombre de persona |
Viñuales, Daniel, |
| Fechas asociadas al nombre |
1967- |
| 9 (RLIN) |
235329 |
| Término indicativo de función/relación |
Autor |
| 245 10 - MENCIÓN DEL TÍTULO |
| Título |
¿A dónde vas Labordeta? / |
| Mención de responsabilidad, etc. |
guión, Daniel Viñuales ; dibujos, Carlos Azagra y Encarna Revuelta, coordinación Paula Labordeta. |
| 264 #1 - PRODUCCIÓN, PUBLICACIÓN, DISTRIBUCIÓN, FABRICACIÓN Y COPYRIGHT |
| Producción, publicación, distribución, fabricación y copyright |
Zaragoza : |
| Nombre del de productor, editor, distribuidor, fabricante |
Fundación José Antonio Labordeta, |
| -- |
GP Ediciones, |
| Fecha de producción, publicación, distribución, fabricación o copyright |
[2023]. |
| 300 ## - DESCRIPCIÓN FÍSICA |
| Extensión |
89 páginas : |
| Otras características físicas |
principalmente ilustraciones (color) ; |
| Dimensiones |
24 cm. |
| 336 ## - TIPO DE CONTENIDO |
| Término de tipo de contenido |
Imagen fija |
| -- |
Texto |
| Fuente |
rdacontent |
| 337 ## - TIPO DE MEDIO |
| Nombre/término del tipo de medio |
sin mediación |
| Fuente |
rdamedia |
| 338 ## - TIPO DE SOPORTE |
| Nombre/término del tipo de soporte |
volumen |
| Fuente |
rdacarrier |
| 500 ## - NOTA GENERAL |
| Nota general |
Publicada como volumen 3 de una trilogía sin título. |
| 520 ## - RESUMEN, ETC. |
| Sumario, etc. |
Viñuales, Azagra y Revuelta vuelven al ataque con un nuevo título de su protagonista más emblemático, José Antonio Labordeta. Humor y surrealismo a partes iguales en un cómic donde vamos a descubrir los entresijos de los rodajes de la mítica serie de RTVE "Un país en la mochila" que protagonizó entre 1995 y 2000 José Antonio Labordeta.<br/><br/>El espacio recorría lugares singulares de la geografía española en el que José Antonio, siempre con un tono campechano y una actitud de curiosidad sobre todo lo que salía a su encuentro, recorría caminos y senderos para acercarse a la realidad de un paisaje que estaba a punto de cambiar. |
| 600 17 - PUNTO DE ACCESO ADICIONAL DE MATERIA--NOMBRE DE PERSONA |
| Nombre de persona |
Labordeta, José Antonio, |
| Fechas asociadas al nombre |
1935-2010 |
| 9 (RLIN) |
240356 |
| Fuente del encabezamiento o término |
embne |
| 655 #7 - TERMINO DE INDIZACIÓN--GENERO/FORMA |
| Datos o término principal de género/forma |
Cómics |
| Fuente del término |
tgfbne |
| 9 (RLIN) |
226827 |
| 700 ## - ENTRADA AGREGADA--NOMBRE PERSONAL |
| Nombre de persona |
Azagra, Carlos, |
| Fechas asociadas al nombre |
1957- |
| 9 (RLIN) |
235333 |
| Término indicativo de función/relación |
Ilustrador |
| 700 ## - ENTRADA AGREGADA--NOMBRE PERSONAL |
| Nombre de persona |
Revuelta Medialdea, Encarna, |
| Fechas asociadas al nombre |
1958- |
| 9 (RLIN) |
235334 |
| Término indicativo de función/relación |
Ilustrador |
| 700 ## - ENTRADA AGREGADA--NOMBRE PERSONAL |
| Nombre de persona |
Labordeta, Paula |
| 9 (RLIN) |
235335 |
| Término indicativo de función/relación |
Editor literario |
| 852 ## - LOCALIZACIÓN |
| Ubicación |
ES-MaACL |
| Sublocalización o colección |
R.154999 |
| Ubicación en estantería |
Depósito J |
| Número de control de estantería |
N-9746 |
| Anotaciones manuscritas |
Dedicatoria autógrafa de Azagra |
| Donativo/Legado |
Donación: Fundación José Antonio Labordeta |
| Encuadernación |
Encuadernación cartoné |
| itemnumber |
205411 |
| 914 ## - NOMBRE ENTIDAD DE DONANTE |
| Nombre de congreso/reunión o jurisdicción como elemento de entrada |
Fundación José Antonio Labordeta |
| Unidad subordinada |
Donante |
| 942 ## - ELEMENTOS DE ENTRADA SECUNDARIOS (KOHA) |
| Tipo de ítem Koha |
Libro impreso |
| Suprimir en OPAC |
No |